| 000 | 00458nam a2200157Ia 4500 | ||
|---|---|---|---|
| 008 | 240729s9999 xx 000 0 und d | ||
| 022 | _a2683-4111 | ||
| 245 | 0 | _aProceedings on Engineering Sciences | |
| 260 | _aSerbia | ||
| 260 | _bUniversity of Kragujevac | ||
| 650 | _a Engineering (General). Civil engineering (General) | ||
| 650 | _aTechnology | ||
| 856 | _uhttps://doaj.org/toc/748e4d35ca174917abdf4e78215c038d | ||
| 942 | _2ddc | ||
| 942 | _cDOAJEJ | ||
| 999 |
_c69913 _d69913 |
||
| 945 |
_a1 _bMadushi Gamage _c1 _dMadushi Gamage |
||